Tests de personalidad

Na minha lista:
Detalhes bibliográficos
Autor principal: Navarro, Susana (autora)
Formato: Livro
Idioma:espanhol
Publicado em: Madrid LIBSA 2004
Assuntos:
Tags: Adicionar Tag
Sem tags, seja o primeiro a adicionar uma tag!

MARC

LEADER 00000nam a2200000 a 4500
001 UCK5373
003 CL-VaPUC
008 050722e20040000SP |||||||||||||||||spa|d
020 |a 8466209204 
082 0 4 |a 155.28  |b NAV  |2 21 
100 |a Navarro, Susana  |e autora  |9 494128 
245 1 0 |a Tests de personalidad 
300 |a 320 p 
942 |c BK 
945 |d 20050722 00:00:00  |a cmena 
260 |a Madrid  |b LIBSA  |c 2004 
650 7 |a TESTS DE PERSONALIDAD  |2 CL-VaPUC  |9 312849 
650 0 |a Personalidad   |9 307255 
650 0 |a Psicología individual  |9 309049 
583 |a last modification  |c 20130101 09:58:38  |k Rodrigo Vera 
999 |c 313946  |d 313944 
952 |0 0  |1 0  |4 0  |6 155_280000000000000_NAV_2004  |7 0  |8 A  |9 385764  |a BIBEDU  |b BIBEDU  |d 2019-11-22  |i 4087372  |o 155.28 NAV 2004  |p 4087372  |r 2019-11-22  |w 2019-11-22  |y BK  |k EBA